000 01652nam a2200397 a 4500
001 ebr10377924
003 CaPaEBR
006 m u
007 cr cn|||||||||
008 100115s2009 enkb sb 001 0 eng
010 _z 2010275466
015 _aGBA923317
_2bnb
016 7 _z014921446
_2Uk
020 _z9781845117689 (cased)
020 _z1845117689 (cased)
040 _aCaPaEBR
_cCaPaEBR
035 _a(OCoLC)694362884
043 _ae------
050 1 4 _aUA646
_b.M68 2009eb
082 0 4 _a327.17094
_222
100 1 _aMoustakis, Fotios,
_d1970-
245 1 0 _aSecuring Europe
_h[electronic resource] :
_bwestern interventions towards a new security community /
_cFotios Moustakis and Tracey German.
260 _aLondon ;
_aNew York :
_bTauris Academic Studies ;
_aNew York :
_bDistributed in the U.S.A. and Canada exclusively by Palgrave Macmillan,
_c2009.
300 _aix, 210 p. :
_bmaps.
490 1 _aLibrary of European studies ;
_v7
504 _aIncludes bibliographical references and index.
533 _aElectronic reproduction.
_bPalo Alto, Calif. :
_cebrary,
_d2013.
_nAvailable via World Wide Web.
_nAccess may be limited to ebrary affiliated libraries.
650 0 _aNational security
_zEurope.
650 0 _aIntervention (International law)
650 0 _aHumanitarian intervention
_xInternational cooperation.
655 7 _aElectronic books.
_2local
700 1 _aGerman, Tracey C.,
_d1971-
710 2 _aebrary, Inc.
830 0 _aLibrary of European studies ;
_v7.
856 4 0 _uhttp://site.ebrary.com/lib/rucke/Doc?id=10377924
_zAn electronic book accessible through the World Wide Web; click to view
999 _c97627
_d97627